000
00323nam a2200157Ia 4500
100
_a
Young/Biemond
490
_v
1
942
_c
BK
654
_a
signal processing
245
_a
Signal processing III
260
_b
North Holland
_c
1986
082
_a
621.3822
_b
YOU
300
_a
660
546
_a
ENGLISH
999
_c
22237
_d
22237